| 000 | 00414nam a2200133 a 4500 | ||
|---|---|---|---|
| 001 | 5649 | ||
| 003 | CDMR | ||
| 005 | 20131028131933.0 | ||
| 008 | 130130s2002||||||||||||||||||||||||||||d | ||
| 040 |
_aCDMR _bcat _cCPC GIRONA |
||
| 245 | 0 | _aUnió d'Hostaleria i Turisme de la Costa Brava Centre, 1977-2002 | |
| 260 |
_c2002 _bUnió d'Hostaleria i Turisme de la Costa Brava Centre _a[Vall-Llobrega (Girona) |
||
| 942 |
_cMON _2udc |
||
| 999 |
_c5649 _d5649 |
||